Vivimos y transmitimos en comunidad el evangelio de Jesús / (Registro nro. 6044)

Detalles MARC
000 -LEADER
campo de control de longitud fija 01662cam a22004574a 4500
003 - IDENTIFICADOR DE NÚMERO DE CONTROL
campo de control PE-LiUPU
005 - FECHA Y HORA DE LA ÚLTIMA TRANSACCIÓN
campo de control 20250731172829.0
008 - DATOS DE LONGITUD FIJA--INFORMACIÓN GENERAL
campo de control de longitud fija 050314 2013 sp gr f001 0 spa d
020 ## - NÚMERO INTERNACIONAL ESTÁNDAR DEL LIBRO
Número Internacional Estándar del Libro 9788433026484
035 ## - NÚMERO DE CONTROL DEL SISTEMA
Número de control de sistema (Sirsi) i9788433026484
035 ## - NÚMERO DE CONTROL DEL SISTEMA
Número de control de sistema (Sirsi) 52106
035 ## - NÚMERO DE CONTROL DEL SISTEMA
Número de control de sistema (Sirsi) 52106
041 ## - CÓDIGO DE IDIOMA
Código de lengua del texto/banda sonora o título independiente spa
044 ## - CÓDIGO DEL PAÍS DE LA ENTIDAD EDITORA/PRODUCTORA
Código MARC del país sp
082 04 - NÚMERO DE LA CLASIFICACIÓN DECIMAL DEWEY
Número de clasificación 269.2
Cutter P45
100 1# - ENTRADA PRINCIPAL--NOMBRE DE PERSONA
Nombre de persona Pérez Álvarez, José Luis (1934-)
245 ## - MENCIÓN DEL TÍTULO
Título Vivimos y transmitimos en comunidad el evangelio de Jesús /
Mención de responsabilidad, etc. José Luis Pérez Álvarez.
264 #1 - PRODUCCIÓN, PUBLICACIÓN, DISTRIBUCIÓN, FABRICACIÓN Y COPYRIGHT
Producción, publicación, distribución, fabricación y copyright Bilbao :
Nombre del de productor, editor, distribuidor, fabricante Desclée de Brouwer,
Fecha de producción, publicación, distribución, fabricación o copyright 2013
300 ## - DESCRIPCIÓN FÍSICA
Extensión 247 páginas ;
Dimensiones 21 centímetros.
490 1# - MENCIÓN DE SERIE
Mención de serie (Cristianismo y sociedad ;
Designación de volumen o secuencia 87)
505 0# - NOTA DE CONTENIDO CON FORMATO
Nota de contenido con formato Impulsados por el testimonio y el servicio del papa Francisco -- La comunIdad de jesús en eL evangeLIo por eL reIno -- -- Las comunidades apostólicas en el espíritu -- Concilio vaticano II -- La iglesia como comunión en la fe -- La comunidad.
526 ## - NOTA DE INFORMACIÓN SOBRE EL PROGRAMA DE ESTUDIO
Nombre del programa Segunda Especialidad En Profecías Bíblicas
526 ## - NOTA DE INFORMACIÓN SOBRE EL PROGRAMA DE ESTUDIO
Nombre del programa Segunda Especialidad En Nuevo Testamento
526 ## - NOTA DE INFORMACIÓN SOBRE EL PROGRAMA DE ESTUDIO
Nombre del programa Segunda Especialidad En Antiguo Testamento
526 ## - NOTA DE INFORMACIÓN SOBRE EL PROGRAMA DE ESTUDIO
Nombre del programa Segunda Especialidad En Estudios Adventistas
526 ## - NOTA DE INFORMACIÓN SOBRE EL PROGRAMA DE ESTUDIO
Nombre del programa Doctorado en teología
526 ## - NOTA DE INFORMACIÓN SOBRE EL PROGRAMA DE ESTUDIO
Nombre del programa Maestría en teología histórica
526 ## - NOTA DE INFORMACIÓN SOBRE EL PROGRAMA DE ESTUDIO
Nombre del programa Maestría en teología bíblica
526 ## - NOTA DE INFORMACIÓN SOBRE EL PROGRAMA DE ESTUDIO
Nombre del programa Maestría en teología
526 ## - NOTA DE INFORMACIÓN SOBRE EL PROGRAMA DE ESTUDIO
Nombre del programa Maestría en misionología
526 ## - NOTA DE INFORMACIÓN SOBRE EL PROGRAMA DE ESTUDIO
Nombre del programa Maestría en liderazgo eclesiástico
526 ## - NOTA DE INFORMACIÓN SOBRE EL PROGRAMA DE ESTUDIO
Nombre del programa Teología
596 ## -
-- 1
650 14 - PUNTO DE ACCESO ADICIONAL DE MATERIA--TÉRMINO DE MATERIA
Término de materia o nombre geográfico como elemento de entrada Evangelismo
9 (RLIN) 953
859 ## - INFORMACIÓN DE CONTROL LOCAL (RLIN)
-- 69516
910 ## - DATOS DE OPCIÓN DEL USUARIO (OCLC)
Datos de opción del usuario gl20131210
942 ## - ELEMENTOS DE ENTRADA SECUNDARIOS (KOHA)
Fuente del sistema de clasificación o colocación Clasificación Decimal Dewey
Tipo de ítem Koha
949 ## - PROCESAMIENTO DE INFORMACIÓN LOCAL (OCLC)
i 69516
l CCODEBUL1
m BUL
t LIBRO
o .STAFF. Colección Teología
999 ## - NÚMEROS DE CONTROL DE SISTEMA (KOHA)
-- DEWEY
-- 69516
-- 2017-6-18
-- 2021-11-10
-- 5
-- CCODEBUL1
-- BUL
-- 1
-- 28.00
-- 0
-- Y
-- BOOK
-- 2015-7-6
-- TEOLOGIA
-- P35
-- COMPRA
-- .STAFF. Colección Teología
980 ## - EQUIVALENCIA O REFERENCIA-CRUZADA-MENCIÓN DE SERIE--NOMBRE DE PERSONA/TÍTULO [LOCAL, CANADÁ]
ID del último usuario que modificó el registro 1
Nombre del último usuario que modificó el registro ALBERTO SANCHEZ Responsable de Automatización
Existencias
Visto por última vez Número de inventario Total de préstamos Signatura topográfica completa Código de barras Fecha del último préstamo Copia número Coste, precio de reemplazo Fecha de reemplazo Facultad Tipo de ítem Koha Nota pública Estado de pérdida Fuente del sistema de clasificación o colocación Restricciones de uso No para préstamo Colección Programa académico Biblioteca de origen Biblioteca actual Ubicación en estantería Fecha de adquisición Fuente de adquisición Coste, precio normal de compra
2025-12-02 6 1 269.2 P45 69516 2017-06-18 e1 33.00 2015-07-06   Libros físicos inventario-2023-12-13 No Perdido Clasificación Decimal Dewey No restringido Disponible para préstamos Colección General Teología Biblioteca CRAI UPeU Lima Biblioteca CRAI UPeU Lima Sala principal 2015-07-06 COMPRA 28.00